|
|
|
|
| LEADER |
01002nam a22003012a 4500 |
| 001 |
000177835 |
| 003 |
CZ BrMZK |
| 005 |
20210505133016.0 |
| 007 |
ta |
| 008 |
030407s1974 xr f |||| 0 eng d |
| 015 |
|
|
|a cnb000463432
|
| 035 |
|
|
|a (OCoLC)42112763
|
| 040 |
|
|
|a ABA001
|b cze
|c OLA001
|d ABA001
|d OLA001
|d BOA001
|
| 041 |
1 |
|
|a eng
|h cze
|
| 080 |
|
|
|a 273(497.2)"09/13"=20
|
| 100 |
1 |
|
|a Loos, Milan,
|d 1923-1985
|7 jk01072387
|4 aut
|
| 245 |
1 |
0 |
|a Dualist heresy in the middle ages /
|c Milan Loos ; z čes. rukopisu přel. Iris Lewitová
|
| 250 |
|
|
|a 1. vyd.
|
| 260 |
|
|
|a Praha :
|b Academia,
|c 1974
|
| 300 |
|
|
|a 397 s. ;
|c 8°
|
| 500 |
|
|
|a 1350 výt.
|
| 504 |
|
|
|a Obsahuje bibliografii, bibliografické odkazy a rejstříky
|
| 550 |
|
|
|a Vydavatel: ČSAV
|
| 710 |
2 |
|
|a Československá akademie věd
|7 ko20010087906
|
| 910 |
|
|
|a BOA001
|b 2-0721.607
|
| 990 |
|
|
|a BK
|
| 991 |
|
|
|b 202102
|
| 996 |
7 |
|
|b 2619944388
|c 2-0721.607
|l Sklad H1
|r Sklad / do 24 hodin
|n 25
|h HS212
|w 000177835
|u 000010
|a 1
|e BOA001
|j MZK50
|s A
|